Cours de zoologie à l'usage des étudiants de 1re année de pharmacie

Salvato in:
Dettagli Bibliografici
Autore principale: Binet, Pierre
Natura: Sconosciuto
Lingua:portoghese
francese
Pubblicazione: Paris Editions CDU/SEDES Réunis D.L. 1989
Edizione:3e ed
Catalogo:MANES:  Risultati della ricerca del catalogo della biblioteca
Libro di testo Classificazione:
Tags: Aggiungi Tag
Nessun Tag, puoi essere il primo ad aggiungerne!!
Aggiunto a:2016-04-26
Cambiato in:2025-04-25

MARC

LEADER 000000000a22000000004500
001 30651
003 OSt
005 20250425111545.0
008 160427s pt ||||| |||| 00| 0 por d
040 |c centro_manes 
041 1 |a fre 
100 1 |a Binet, Pierre  |9 16273 
245 0 0 |a Cours de zoologie à l'usage des étudiants de 1re année de pharmacie 
250 |a 3e ed 
260 3 |a Paris  |b Editions CDU/SEDES Réunis  |c D.L. 1989 
300 |a 318 p.;  |c 21 cm 
500 |a Tít. orig.: L'uomo del renascimento 
561 |5 pt-BNP  |a Portugal. Biblioteca Nacional de Portugal  |k MANES 
690 |a CN 
691 |a SE 
942 |2 ddc  |c BK 
546 |a Portugal 
999 |c 32113  |d 32113 
999 |c manes:32113  |d 32113